| 000 | 01008nas a2200325 4500 | ||
|---|---|---|---|
| 001 | BR2014001096 | ||
| 003 | BR-BrBNA | ||
| 005 | 20231205123730.0 | ||
| 007 | ta | ||
| 008 | 230509b bl.|||p| |||| 00| 00por d | ||
| 040 |
_aBR-BrBNA _bpor _cBiblioteca Nacional de Agricultura |
||
| 041 | _a(En) | ||
| 072 | _aP36 | ||
| 100 | 1 | _aRosa, J.D. | |
| 100 | 1 | _aMafra, A.L. | |
| 100 | 1 | _aMedeiros, J.C. | |
| 100 | 1 | _aAlbuquerque, J.A. | |
| 100 | 1 | _aMiquelluti, D.J. | |
| 100 | 1 | _aNohatto, M.A. | |
| 100 | 1 | _aFerreira, E.Z. | |
| 100 | 1 | _aOliveira, O.L.P. de | |
| 245 | 1 | _aSoil physical properties and grape yield influenced by cover crops and management systems | |
| 650 | _aUVA | ||
| 650 | _aMANEJO DO SOLO | ||
| 650 | _aVITICULTURA | ||
| 773 | 0 |
_tRevista Brasileira de Ciência do Solo (Brazil) _xISSN 0100-0683 _g(Sep-Oct 2013), v. 37(5) p. 1352-1360 _wBR2014001096 |
|
| 856 | 4 | 0 | _uhttp://www.scielo.br/pdf/rbcs/v37n5/24.pdf |
| 909 |
_a202311 _bLúcia _c55 _dLúcia Elande |
||
| 942 |
_2AGRIS _n0 _cANA |
||
| 999 |
_c235414 _d235414 |
||